| 000 | 00576nam a2200181Ia 4500 | ||
|---|---|---|---|
| 003 | IN-BaIIA | ||
| 008 | 211028s9999 xx 000 0 eng d | ||
| 020 | _a978-93-81325-01-8 | ||
| 040 | _cIIA Library | ||
| 080 |
_a954 _bCUL-8 |
||
| 100 |
_aBhattacharyya, Sukumar _937124 |
||
| 245 | 4 |
_aThe cultural heritage of India _bvol. 8 _cSukumar Bhattacharyya |
|
| 260 |
_aBelur Math, Kolkata _bRamakrishna Math and Ramakrishna Mission _c2013 |
||
| 300 | _axxxii, 1519p. | ||
| 650 |
_aCultural heritage _937125 |
||
| 650 | _aIndia | ||
| 942 | _cBK | ||
| 999 |
_c19419 _d19419 |
||